| 000 | 00854nam a22002897a 4500 | ||
|---|---|---|---|
| 001 | 5890 | ||
| 003 | FISKH | ||
| 005 | 20251218151208.0 | ||
| 008 | 250130b cb ||||| |||| 00| 0 eng d | ||
| 020 | _a9780545313872 | ||
| 040 |
_aFISKH _beng _cFISKH _dFISKH |
||
| 050 | _aPS3618.E925 F73 | ||
| 082 | _a811.6 | ||
| 100 |
_aRex, Adam _d(1973-) |
||
| 245 |
_aFrankenstein : _bMakes a sandwich / _cby Adam Rex |
||
| 250 | _aFirst printing in 2010 | ||
| 260 |
_aNew York : _bScholastic, _c2006. |
||
| 300 |
_a40 pages : _bcolor illustrations ; _c23 cm |
||
| 505 | _aR | ||
| 520 | _aStories in verse about the monster-sized problems Dracula, Wolfman, Bigfoot and other monsters have. | ||
| 521 | 8 |
_a670
_bLexile |
|
| 521 | 8 |
_aR
_bRaz-Plus |
|
| 650 |
_2Halloween _aHumor |
||
| 650 |
_2Dracula _aMonsters |
||
| 942 |
_2ddc _cBK _n0 |
||
| 999 |
_c5890 _d5890 |
||